| 000 | 00367 a2200169 4500 | ||
|---|---|---|---|
| 001 | 189997 | ||
| 020 | _a85-06-00929-4 | ||
| 040 | _cMagnum | ||
| 100 | _aZiraldo | ||
| 240 | 1 | 0 |
_aA fábula das três cores _lpor |
| 245 | 1 | 0 | _aA fábula das três cores |
| 300 | _a32 | ||
| 362 | 0 | _a2009 | |
| 440 | 1 | _aMelhoramentos | |
| 697 | _aLITERATURA INFANTIL | ||
| 942 | _cBK | ||
| 999 |
_c189997 _d189997 |
||